000 00873 a2200205 4500
020 _a0805372024
022 _a9780805372021
082 _a536.7
090 _c1128
_d1128
100 1 _aMorse, Philip M.
245 1 0 _aThermal physics /
_cPhilip M. Morse, equations Diagrams.
260 _a[S.l.] :
_bW. A. Benjamin Inc.,
_c1962.
300 _a455 p. :
_bcol. ill. ;
_c24 cm.
500 _aImport.
700 1 _aMorse, Philip M.
942 _aSNS
_cBK
_k536.7 MOR
999 _c29743
_d29743